[Event "CHN-chT (Women)"]
[Site "Hangzhou"]
[Date "2018.06.23"]
[Round "7.6"]
[White "Jiang, Zhaoyi"]
[Black "Feng, Jiahe"]
[Result "1-0"]
[WhiteElo "1996"]
[BlackElo "1454"]
[PlyCount "89"]
[EventDate "2018.06.19"]
[EventType "team-swiss"]
[EventRounds "9"]
[EventCountry "CHN"]
[SourceTitle "CBM 185 Extra"]
[Source "ChessBase"]
[SourceDate "2018.07.29"]
[SourceVersion "1"]
[SourceVersionDate "2018.07.29"]
[SourceQuality "1"]
[WhiteTeam "Heilongjiang (W)"]
[BlackTeam "Shanxi (W)"]
[WhiteTeamCountry "CHN"]
[BlackTeamCountry "CHN"]

1. d4 d5 2. c4 c6 3. Nf3 Nf6 4. e3 e6 5. Bd3 Nbd7 6. Nbd2 Bd6 7. 0-0 0-0 8. e4 e5 9. cxd5 cxd5 10. exd5 exd4 11. Ne4 Be5 12. Bg5 Qe8 13. Re1 Nxe4 14. Rxe4 f6 15. Bf4 Qf7 16. Qc2 Kh8 17. Bxe5 fxe5 18. Nxe5 Qxd5 19. Ng6+ hxg6 20. Rh4+ Qh5 21. Rxh5+ gxh5 22. Bg6 Nf6 23. Qc5 Bg4 24. h3 Rfc8 25. Qxd4 Rd8 26. Qb4 Be6 27. Qxb7 Bd5 28. Qe7 Bg8 29. Rc1 Rd7 30. Qe2 Rad8 31. b3 Rd5 32. Rc7 a5 33. Qe7 R8d7 34. Rxd7 Rxd7 35. Qc5 Rd5 36. Qc8 Rd1+ 37. Kh2 Rd2 38. a3 Rxf2 39. b4 axb4 40. axb4 Nd5 41. Qc5 Rb2 42. b5 h4 43. Be4 Nf6 44. Bc6 Rb1 45. Qd4 1-0

[Event "CHN-chT (Women)"]
[Site "Hangzhou"]
[Date "2018.06.22"]
[Round "5.6"]
[White "Feng, Jiahe"]
[Black "Li, Xueyi"]
[Result "0-1"]
[WhiteElo "1454"]
[BlackElo "2195"]
[PlyCount "56"]
[EventDate "2018.06.19"]
[EventType "team-swiss"]
[EventRounds "9"]
[EventCountry "CHN"]
[SourceTitle "CBM 185 Extra"]
[Source "ChessBase"]
[SourceDate "2018.07.29"]
[SourceVersion "1"]
[SourceVersionDate "2018.07.29"]
[SourceQuality "1"]
[WhiteTeam "Shanxi (W)"]
[BlackTeam "Guangdong (W)"]
[WhiteTeamCountry "CHN"]
[BlackTeamCountry "CHN"]

1. e4 c5 2. c3 Nf6 3. e5 Nd5 4. d4 cxd4 5. Nf3 Nc6 6. cxd4 e6 7. Bc4 Nb6 8. Bb3 d5 9. 0-0 Be7 10. Nc3 Bd7 11. Bc2 a6 12. a3 Na7 13. Re1 h6 14. h3 Qc7 15. Bf4 Nc4 16. Qc1 Qc6 17. Bd3 g5 18. Bh2 Rc8 19. Bxc4 Qxc4 20. Qd2 Nc6 21. Rac1 Na5 22. Ne4 dxe4 23. Qxa5 Qxc1 24. Rxc1 Rxc1+ 25. Ne1 0-0 26. Kf1 Bb5+ 27. Kg1 Rfc8 28. g4 Ra1 0-1